Представление документа в формате MARC21

ПолеНазваниеЗначение
  Тип записи a
  Библиографический уровень m
001 Контрольный номер RU\infra-m\znanium\bibl\1007981
005 Дата корректировки 20260429142346.4
008 Кодируемые данные 250507s2018 RU g rus u
020 Индекс ISBN __
a ISBN 978-5-16-006694-3
020 Индекс ISBN __
a ISBN 978-5-16-105953-1 (электр. издание)
020 Индекс ISBN __
a ISBN 978-985-475-558-8 (ISBN соиздателя)
040 Источник каталогиз. __
a Служба первич. каталог. Общество с ограниченной ответственностью «ЗНАНИУМ»
041 Код языка издания __
a Код языка текста rus
044 Код страны публикации __
a Код страны публикации RU
080 Индекс УДК __
a Индекс УДК [624.131+625.731](075.8)
084 Индекс другой классификации/Индекс ББК __
2 Источник индекса rubbk
a Индекс другой классификации/Индекс ББК 38.58я73
084 Индекс другой классификации/Индекс ББК __
2 Источник индекса okso
a Индекс другой классификации/Индекс ББК 08.03.01
084 Индекс другой классификации/Индекс ББК __
2 Источник индекса okso
a Индекс другой классификации/Индекс ББК 08.04.01
100 Автор __
a Автор Бабаскин Ю.Г.
q Полное имя Бабаскин Юрий Георгиевич
u Дополнение Белорусский национальный технический университет
245 Заглавие __
a Заглавие Дорожное грунтоведение и механика земляного полотна
b Продолж. заглавия Учебное пособие
c Ответственность Белорусский национальный технический университет
250 Сведения об издании __
a Основные сведения об издании 1
260 Выходные данные __
a Место издания Москва
b Издательство ООО "Научно-издательский центр ИНФРА-М"
c Дата издания 2019
300 Физическое описание __
a Объем 462 с.
440 Серия __
a Серия Высшее образование: Бакалавриат
520 Аннотация __
a Аннотация Содержит теоретический материал по региональной инженерной геологии общему и региональному грунтоведению механике грунтов и технической мелиорации. Материал изложен системно благодаря чему обеспечивается последовательное изучение вопросов образования горных пород их залегания и свойств а также процессов происходящих в грунтах под действием внешней нагрузки. Для студентов высших учебных заведений изучающих проектирование строительство и эксплуатацию автомобильных дорог. Может быть полезно практическим работникам в сфере дорожного строительства.
521 Примеч. о цел. назн. __
a Примеч. о целев. назн. ВО - Бакалавриат
650 Тематические рубрики __
a Основная рубрика Строительство
x Основная подрубрика Транспортное строительство
655 Указ. предметных рубрик (устаревшее) __
a Жанр/ форма (устаревшее) Учебное пособие
856 Электронный адрес документа 4_
a Имя сервера/домена znanium.com
m Помощь ebs_support@infra-m.ru
n Местонахождение сервера НИЦ ИНФРА-М
u URL https://znanium.com/catalog/document?id=336204
856 Электронный адрес документа 48
a Имя сервера/домена znanium.com
d Путь /cover/1007
f Электронное имя 1007981.jpg
q Тип электронного формата image/jpeg
u URL https://znanium.com/cover/1007/1007981.jpg
911 __
u 0030=https://znanium.com/catalog/document?id=336204